1. FC Nürnberg - Statistiken

Allgemein
  • Dieses Quiz wurde 69 mal gespielt
  • Das Durchschnittsergebnis liegt bei 10 aus 50
Antwortstatistiken
Antwort % Korrekt
Ein Fels in wilder Brandung ....( die nächsten 3 Worte ) der alles überstand
96%
Phantom Marek Mintal
62%
Die Vorstadt oder verbotene Stadt Fürth
58%
geboren am 11.05. 1925 in der Schlossstrasse 51 Nürnberg Max Morlock
56%
260 Spiele 7 Tore 62 gelbe ,1 gelb-rote, 1 rote Karte von 2005-2015 Javier Pinola
42%
- Valznerweiher
42%
Rote Karte für den VfB Stuttgart im Finale 2007 Cacau
40%
Passender fränkischer Spruch der oft zutrifft(heimliche Liebeserkärung) Der Glubb is a Depp
35%
Aufstiegstrainer aus der Oberpfalz 2018 Michael Köllner
35%
Italienischer Pokalsieger 2013 mit Lazio Rom Miroslav Klose
35%
Zaubermaus Sergio Fabian Zarate
35%
Name des Stadions von 2006 - 2012 easycredit Stadion
33%
Teppichhändler aus Rückersdorf Michael A. Roth
33%
in der 118. Minute im DFB Pokalviertelfinale gegen Hannover für Raphael Schäfer eingewechselt Daniel Klewer
29%
69 Länderspiele für Tschechien 1995-2008 Tomas Galasek
29%
Gewässer die beim Clubgelände liegen Dutzendteich
27%
Es ist eine Ehre, für diese Stadt, diesen Verein und für Bewohner Nürnbergs zu spielen. Heiner Stuhlfauth
27%
Sportdirektor und andere Funktionen 2003 - 2015 Martin Bader
27%
Schütze des Phantomtors gegen Bayern München am 23.04.1994 Thomas Helmer
27%
U17 Weltmeistertrainer 2023 Christian Wück
25%
Ehrenmitglied beim FC Carl Zeiss Jena Hans Meyer
22%
Torschütze zum 2-1 47. min Pokalfinale 2007 Marco Engelhardt
22%
Zabo Stadtteil Zerzabelshof
22%
Neuzugang 1986 vorher unter anderem SC Charlottenburg Andreas Köpke
18%
Hallo hier ist Nürnberg, wir melden uns vom Abgrund Günther Koch
18%
5 Tore am 2. Dezember 1967 gegen Bayern München Franz Brungs
15%
1993 , 1995 mazedonischer Meister mit Vardar Skopje Sasa Ciric
15%
wurde nach 2-0 Sieg gegen Bayern München am 09.11.93 entlassen Willi Entenmann
15%
wechselten 1988 gemeinsam zum FC Bayern München Stefan Reuter
13%
- Dominik Reinhardt
9%
Nandl ( Libero, Mittelläufer ) 2x Deutscher Meister Ferdinand Wenauer
9%
- Roland Grahammer
7%
Vater im Pokalfinale 1982 , Sohn Pokalsieger 2007 Alois Reinhardt
5%
1-0 Torschütze am 09.06.1985 gegen Hessen Kassel Dieter Eckstein
5%
Präsident bei dieser Entlassung Gerhard Voack
5%
Hielt in der Relegation 1978 im Rückspiel gegen Rot-WeissEssen in der 83. Minute einen Elfmeter Manfred Müller
5%
Legendäre Stehplatztribüne hinter dem Tor Block 4
4%
für 600.000 DM vom VfL Bochum gewechselt 71 Tore Hans Walitza
4%
Trainer im Oktober 1984 Heinz Höher
4%
Schütze aus Essen des Elfmeters Horst Hrubesch
4%
- Manfred Walz
4%
6 Spieler die bei der Spielerrevolte im Oktober 1984 entlassen wurden Rudi Kargus
4%
- Detlef Krella
2%
Ort Datum Pokalfinale 1982 Frankfurt 1. Mai
2%
Präsident im Oktober 1984 Gerd Schmelzer
2%
- Horst Weyerich
2%
- Stefan Lottermann
2%
- Udo Horsmann
2%
Torschütze zum 2-0 ( 44. min ) im Pokalfinale 1982 Werner Dressel
2%
Schwalbe zum Elfmeter zum 3-2 im Pokalfinale 1982 Wolfgang Kraus
2%
Keine übereinstimmenden Quizze gefunden
Verteilung der Resultate
Anzahl Personen mit jedem Resultat
Perzentil nach korrekt beantworteten Fragen
Ihre Resultats-Entwicklung
Sie haben dieses Quiz noch nicht gespielt